00926nam a2200205 i 4500001000700000003000900007005001700016008004100033040002000074100003700094245019300131260008300324300003600407650003000443752003400473752003100507852003700538999001900575952012600594162993ES-MaACL20250816062551.0050707s1893 xxua | |||||||| ||eng d aCAM bspa cCAM1 aRaymond, George Lansing.913162814aThe genesis of art-form b: an essay in comparative aesthetics showing the identity of the sources, methods, and effects of composition in music, poetry ... / cby George Lansing Raymond. aNew York ; aLondon : bG.P. Putnam's sons, c1893 (fThe Knickerbocker Press) aXXII, 311 p. : bil. ; c20 cm. 7aEstética2embne9142387 aEstados Unidos - dNueva York aGran Bretaña - dLondres aES-MaACLjG-10635 z-- Enc. tela c162993d162993 001040708LIBXIXaATENEOMbATENEOMcSPP3d2008-01-17eSSCl0oG-10635p1170774r2023-02-23 00:00:00w2023-02-23yMONANT